| 000 -LEADER |
| fixed length control field |
00818nam a2200205Ia 4500 |
| 001 - CONTROL NUMBER |
| control field |
17490 |
| 003 - CONTROL NUMBER IDENTIFIER |
| control field |
GE_BSU |
| 008 - FIXED-LENGTH DATA ELEMENTS--GENERAL INFORMATION |
| fixed length control field |
181216s||||||||xx |||||||||||||| ||und|| |
| 040 ## - CATALOGING SOURCE |
| Transcribing agency |
GE_BSU |
| 080 ## - UNIVERSAL DECIMAL CLASSIFICATION NUMBER |
| Universal Decimal Classification number |
621.01(035.5) |
| 100 ## - MAIN ENTRY--PERSONAL NAME |
| Personal name |
Альшиц,И.Я. Бабкин,С.И. Балакшин,Б.С. и др. |
| 245 ## - TITLE STATEMENT |
| Title |
Справочник машиностроителя. В шести томах. Том IV. книга II. |
| 245 ## - TITLE STATEMENT |
| Statement of responsibility, etc. |
Ред. совет: Н.С.Ачеркан, М.П.Вукалович, В.Н.Кудрявцев и др. Ред. С.А.Чернявский. |
| 250 ## - EDITION STATEMENT |
| Edition statement |
Изд. третье, исправ. и дополн. |
| 260 ## - PUBLICATION, DISTRIBUTION, ETC. |
| Place of publication, distribution, etc. |
М. |
| 260 ## - PUBLICATION, DISTRIBUTION, ETC. |
| Name of publisher, distributor, etc. |
Машгиз. |
| 300 ## - PHYSICAL DESCRIPTION |
| Extent |
932 стр. с илл. 23 см. |
| 653 ## - INDEX TERM--UNCONTROLLED |
| Uncontrolled term |
Справочник машиностроителя. |
| 942 ## - ADDED ENTRY ELEMENTS (KOHA) |
| Koha item type |
წიგნი |